[Event "Russian Championship B15 2016"]
[Site "Loo"]
[Date "2016.04.28"]
[Round "9.25"]
[White "Akochenok, Daniil"]
[Black "Medvedev, Vladimir"]
[Result "1-0"]
[WhiteElo "1934"]
[BlackElo "1698"]
[PlyCount "179"]
[EventDate "2016.04.20"]

1. e4 e6 2. Qe2 Be7 3. d3 d5 4. e5 c5 5. g3 Nc6 6. c3 Qc7 7. Nf3 Qb6 8. Bg2 f6
9. Bf4 fxe5 10. Nxe5 Nf6 11. O-O O-O 12. h4 Nxe5 13. Bxe5 Bd7 14. Nd2 Bd6 15.
Nf3 Ng4 16. Bxd6 Qxd6 17. Rae1 Rf6 18. Ne5 Nxe5 19. Qxe5 Qb6 20. Bh3 Raf8 21.
Re2 Kh8 22. b3 Bc8 23. c4 dxc4 24. dxc4 a5 25. Rd1 Qc6 26. Rd6 Qc7 27. Rd5 Qf7
28. Rxc5 Rxf2 29. Rxc8 Rf1+ 30. Bxf1 Qxf1+ 31. Kh2 Rxc8 32. Qxe6 Rf8 33. Qe7 h6
34. Rd2 b6 35. Qe2 Qf6 36. Qe3 Kh7 37. Qe4+ Kh8 38. Qd5 Qg6 39. Qd6 Rf6 40.
Qd8+ Kh7 41. Qa8 Qg4 42. Qd8 Qg6 43. Rg2 Rd6 44. Qf8 Rf6 45. Qa3 Rf3 46. Qb2
Qd6 47. Qc2+ Kh8 48. Qe2 Rd3 49. Qe8+ Kh7 50. Qe4+ Kh8 51. Qg4 Kh7 52. Re2 Rd2
53. Qe4+ Kg8 54. Qa8+ Kh7 55. Rxd2 Qxd2+ 56. Qg2 Qd4 57. Qe2 Kh8 58. Kg2 Kh7
59. Kf3 Qf6+ 60. Ke3 Qe5+ 61. Kf2 Qf6+ 62. Kg2 Qd4 63. g4 Kh8 64. h5 Kg8 65.
Kf3 Qc3+ 66. Ke4 Qf6 67. Kd3 Qd6+ 68. Kc2 Kh8 69. Qg2 Qd4 70. Qe2 Qd6 71. a4
Kg8 72. Qe8+ Kh7 73. Qg6+ Qxg6+ 74. hxg6+ Kxg6 75. b4 Kf6 76. c5 Ke6 77. cxb6
Kd7 78. bxa5 Kc6 79. Kd3 g6 80. Ke4 h5 81. gxh5 gxh5 82. Kf5 Kb7 83. Kg5 Kc6
84. Kxh5 Kb7 85. Kg5 Kc6 86. Kf5 Kb7 87. Ke4 Kc6 88. Ke5 Kb7 89. Kd6 Ka6 90.
Kc6 1-0

[Event "Russian Championship B15 2016"]
[Site "Loo"]
[Date "2016.04.28"]
[Round "9.26"]
[White "Baranovskiy, Daniil"]
[Black "Dyurmenov, Beslan"]
[Result "1-0"]
[WhiteElo "1899"]
[BlackElo "1757"]
[PlyCount "89"]
[EventDate "2016.04.20"]

1. d4 Nf6 2. Nf3 d5 3. e3 Bf5 4. c4 e6 5. Qb3 Qc8 6. Nc3 c6 7. Nh4 Bg6 8. Nxg6
fxg6 9. Be2 Be7 10. Bf3 O-O 11. O-O Qd7 12. cxd5 cxd5 13. Bd2 Nc6 14. Rac1 Kh8
15. Na4 Rab8 16. Nc5 Bxc5 17. Rxc5 Qf7 18. Qd3 Nd7 19. Rc2 e5 20. Bd1 e4 21.
Qe2 Qe6 22. Qg4 Qxg4 23. Bxg4 Nf6 24. Be2 Rfc8 25. Rfc1 Ne7 26. Bb4 Rxc2 27.
Rxc2 Nc6 28. Bd6 Rc8 29. Bb5 Kg8 30. Bxc6 Rxc6 31. Rxc6 bxc6 32. Kf1 Kf7 33.
Ke2 g5 34. Kd2 Ke6 35. Bb8 a6 36. Kc3 Kd7 37. h3 Kc8 38. Bd6 g4 39. h4 h5 40.
Be5 Ne8 41. Kb4 Kb7 42. Kc5 a5 43. b3 Nc7 44. Bxc7 Kxc7 45. a4 1-0

[Event "Russian Championship B15 2016"]
[Site "Loo"]
[Date "2016.04.28"]
[Round "9.27"]
[White "Kokuev, Iljya"]
[Black "Romadov, Dmitriy"]
[Result "1-0"]
[WhiteElo "1446"]
[BlackElo "1533"]
[PlyCount "67"]
[EventDate "2016.04.20"]

1. e4 c5 2. Nf3 Nc6 3. d4 cxd4 4. Nxd4 Nf6 5. Nc3 e5 6. Ndb5 d6 7. Nd5 Nxd5 8.
exd5 Nb8 9. c4 Be7 10. Bd3 O-O 11. O-O Nd7 12. Qe2 f5 13. f3 a6 14. Nc3 Bg5 15.
Bxg5 Qxg5 16. f4 Qe7 17. Rae1 e4 18. Bc2 Nf6 19. b4 Bd7 20. h3 b5 21. Bb3 Rfc8
22. c5 Kh8 23. c6 Be8 24. Kh1 Nh5 25. Qf2 Nf6 26. Rg1 h5 27. Nd1 Bf7 28. Ne3 g6
29. g4 fxg4 30. hxg4 Rg8 31. g5 Nh7 32. Qb2+ Rg7 33. Qd4 Re8 34. Qb6 1-0

[Event "Russian Championship B15 1st league 2016"]
[Site "Loo"]
[Date "2016.04.28"]
[Round "9.1"]
[White "Stepanov, Andrey"]
[Black "Avalyan, Artur"]
[Result "1/2-1/2"]
[WhiteElo "1922"]
[BlackElo "2021"]
[PlyCount "54"]
[EventDate "2016.04.20"]

1. e4 c6 2. d4 d5 3. Nc3 dxe4 4. Nxe4 Bf5 5. Ng3 Bg6 6. h4 h6 7. N1e2 Nf6 8.
Nf4 Bh7 9. c3 e6 10. Bd3 Bxd3 11. Qxd3 Nbd7 12. Bd2 Qc7 13. O-O-O O-O-O 14. Qf3
Qa5 15. Kb1 Rg8 16. Nfh5 Qd5 17. Qxd5 cxd5 18. f3 Bd6 19. Bf4 Bxf4 20. Nxf4 Kc7
21. Kc2 Kd6 22. Rde1 b5 23. Nd3 Kc7 24. Nf4 Kd6 25. Nd3 Kc7 26. Nf4 Kd6 27. Nd3
Kc7 1/2-1/2

[Event "Russian Championship B15 1st league 2016"]
[Site "Loo"]
[Date "2016.04.28"]
[Round "9.2"]
[White "Vasiliev, Georgiy"]
[Black "Marchuk, Rostislav"]
[Result "1-0"]
[WhiteElo "1886"]
[BlackElo "2039"]
[PlyCount "123"]
[EventDate "2016.04.20"]

1. e4 d6 2. Nc3 Nf6 3. f4 e5 4. Nf3 Nbd7 5. Bc4 Be7 6. d3 c6 7. O-O b5 8. Bb3
O-O 9. h3 Nc5 10. Ne2 Qc7 11. g4 Nxb3 12. axb3 exf4 13. Bxf4 Qb6+ 14. Kg2 d5
15. e5 Ne8 16. Ned4 f5 17. Nxf5 Bxf5 18. gxf5 Rxf5 19. Qd2 Nc7 20. Bg5 Re8 21.
Bxe7 Rxe7 22. Rae1 c5 23. Nh4 Rfxe5 24. Rxe5 Rxe5 25. Qf4 Qf6 26. Qxf6 gxf6 27.
Rxf6 d4 28. Kf3 Ne6 29. Nf5 h5 30. h4 a6 31. Ng3 a5 32. Nxh5 Rxh5 33. Rxe6 Rxh4
34. Re5 c4 35. dxc4 bxc4 36. bxc4 Rh2 37. Re2 Rh6 38. Ke4 Rd6 39. Ke5 Rb6 40.
b3 a4 41. bxa4 Rb4 42. Kxd4 Rxa4 43. Rf2 Ra8 44. c5 Rd8+ 45. Kc4 Rc8 46. Kb5
Rb8+ 47. Kc6 Rc8+ 48. Kb6 Rb8+ 49. Kc7 Rb4 50. c6 Rc4 51. Kd7 Rd4+ 52. Kc8 Rc4
53. c7 Kg7 54. Rd2 Kf7 55. Kd8 Rxc7 56. Kxc7 Ke6 57. c4 Ke5 58. c5 Ke4 59. c6
Ke3 60. Rd5 Ke4 61. Kd6 Kf4 62. c7 1-0

[Event "Russian Championship B15 1st league 2016"]
[Site "Loo"]
[Date "2016.04.28"]
[Round "9.3"]
[White "Novikov, Roman"]
[Black "Tyurin, Ilya"]
[Result "0-1"]
[WhiteElo "2021"]
[BlackElo "1860"]
[PlyCount "120"]
[EventDate "2016.04.20"]

1. e4 e6 2. d4 d5 3. e5 c5 4. c3 Qb6 5. Nf3 Nc6 6. a3 Nh6 7. b4 cxd4 8. cxd4
Nf5 9. Bb2 Bd7 10. g4 Nfe7 11. Nc3 Ng6 12. h4 h5 13. g5 Rc8 14. Qd2 a6 15. Rc1
Be7 16. Na4 Qd8 17. Nc5 Bxc5 18. bxc5 Na5 19. Qb4 O-O 20. Bc3 Nc4 21. Nd2 b5
22. cxb6 a5 23. Qb3 Nxb6 24. Ba6 Ra8 25. Bb5 Nf4 26. O-O Bxb5 27. Qxb5 Nc4 28.
Nxc4 Rb8 29. Qxa5 Ne2+ 30. Kh2 Nxc1 31. Bb4 dxc4 32. Qxd8 Rfxd8 33. Rxc1 Rxd4
34. Kg3 Rc8 35. f3 Kh7 36. a4 c3 37. Rxc3 Rxc3 38. Bxc3 Rxa4 39. Bb2 Kg6 40.
Bc3 Kf5 41. Bb2 Kg6 42. Bc1 Ra5 43. Bb2 Kh7 44. Kf4 Ra4+ 45. Kg3 Kg8 46. Bc1
Kf8 47. Be3 Ke8 48. Bc5 g6 49. Bd6 Kd7 50. Bf8 Kc6 51. Be7 Kd5 52. Bd6 Kc4 53.
Be7 Kd3 54. Bd6 Ke2 55. Kh3 Kxf3 56. Be7 Ra1 57. Kh2 Kg4 58. Bf6 Kxh4 59. Kg2
Kg4 60. Kf2 h4 0-1

[Event "Russian Championship B15 1st league 2016"]
[Site "Loo"]
[Date "2016.04.28"]
[Round "9.4"]
[White "Slugin, Yaroslav"]
[Black "Permin, Viktor"]
[Result "1/2-1/2"]
[WhiteElo "1989"]
[BlackElo "1930"]
[PlyCount "181"]
[EventDate "2016.04.20"]

1. e4 c5 2. Nf3 d6 3. Bb5+ Bd7 4. Bxd7+ Qxd7 5. O-O Nc6 6. d4 cxd4 7. Nxd4 Nf6
8. Nc3 g6 9. f3 Bg7 10. Be3 O-O 11. Nxc6 bxc6 12. Qd2 Qb7 13. Rab1 Rfd8 14. Bh6
Bh8 15. g4 Qc7 16. Qe1 Rab8 17. Qe2 Nd7 18. Nd1 Nc5 19. c3 d5 20. exd5 cxd5 21.
Nf2 Ne6 22. Nh3 d4 23. cxd4 Nxd4 24. Qe4 Qc6 25. Qxc6 Nxc6 26. b3 Nb4 27. a4
Bd4+ 28. Kg2 f6 29. Rfe1 e5 30. f4 Rbc8 31. Re2 Rc6 32. fxe5 Bxe5 33. Be3 a5
34. Ng1 Rd3 35. Nf3 Rcc3 36. Nxe5 fxe5 37. Bb6 Nc6 38. Rf1 Rxb3 39. Bc7 Rd7 40.
Bxe5 Re7 41. Rfe1 Rb4 42. Bg3 Rxe2+ 43. Rxe2 Rxa4 44. Re6 Rc4 45. Rd6 a4 46.
Rd3 Rxg4 47. Kf3 Rb4 48. Ke2 Nd4+ 49. Kd1 Rc4 50. Be5 Nc6 51. Ba1 Rg4 52. Ke2
Rg2+ 53. Ke3 Rxh2 54. Rd6 Rc2 55. Kd3 Nb4+ 56. Ke4 Re2+ 57. Kf3 Ra2 58. Bf6 a3
59. Rd7 Rh2 60. Rg7+ Kf8 61. Ra7 Rh3+ 62. Kg2 Rb3 63. Rxh7 Nd5 64. Be5 a2 65.
Ra7 Rd3 66. Rxa2 Kf7 67. Ra6 Re3 68. Bg3 Ne7 69. Bf4 Rb3 70. Ra7 Ke6 71. Bg3
Nd5 72. Ra4 Kf5 73. Ra5 Rd3 74. Bb8 g5 75. Kf2 Kg4 76. Ra4+ Kh3 77. Ra6 Rd2+
78. Ke1 Rb2 79. Be5 Rc2 80. Ra5 Nb4 81. Bd6 Nd3+ 82. Kd1 Rc6 83. Be7 Nf2+ 84.
Ke2 Rc2+ 85. Kf1 g4 86. Rh5+ Kg3 87. Bh4+ Kf3 88. Rf5+ Ke4 89. Rxf2 Rxf2+ 90.
Kxf2 g3+ 91. Bxg3 1/2-1/2

[Event "Russian Championship B15 1st league 2016"]
[Site "Loo"]
[Date "2016.04.28"]
[Round "9.5"]
[White "Chizho, Aleksandr"]
[Black "Moskvin, Anatoly"]
[Result "1-0"]
[WhiteElo "1893"]
[BlackElo "1960"]
[PlyCount "121"]
[EventDate "2016.04.20"]

1. e4 e5 2. Nf3 Nc6 3. Bb5 Nge7 4. O-O a6 5. Ba4 g6 6. c3 Bg7 7. d4 exd4 8.
cxd4 b5 9. Bb3 d6 10. h3 O-O 11. Nc3 h6 12. a3 Bb7 13. Be3 Qd7 14. d5 Na5 15.
Ba2 Rab8 16. Bd4 g5 17. Bxg7 Kxg7 18. b4 Nc4 19. Qd4+ Kh7 20. Bxc4 bxc4 21.
Qxc4 Ng6 22. Ne2 c6 23. dxc6 Bxc6 24. Qd4 f5 25. Ng3 fxe4 26. Nxe4 Bxe4 27.
Qxe4 Rf4 28. Qd3 Rbf8 29. Ne5 Qf5 30. Qxf5 R4xf5 31. Nxg6 Kxg6 32. Rad1 R8f6
33. Rb1 d5 34. f3 Rb6 35. Rfd1 Kf6 36. Kf2 Re5 37. Rbc1 a5 38. bxa5 Rb2+ 39.
Kg3 h5 40. Rc6+ Kg7 41. Rd6 Ree2 42. Rg1 Rb5 43. a6 Rc2 44. a7 Ra5 45. Rd1 Rxa7
46. R1xd5 Rxa3 47. Rxg5+ Kf7 48. Rd7+ Kf6 49. Rdg7 Rc4 50. R7g6+ Kf7 51. Rh6
Ra2 52. Rhxh5 Rcc2 53. Kh2 Rf2 54. Rf5+ Kg6 55. Rhg5+ Kh6 56. Rg4 Rab2 57. h4
Rfe2 58. h5 Re6 59. Rfg5 Rbb6 60. Rg6+ Kxh5 61. R4g5+ 1-0

[Event "Russian Championship B15 1st league 2016"]
[Site "Loo"]
[Date "2016.04.28"]
[Round "9.6"]
[White "Mishin, Viacheslav"]
[Black "Zhafyarov, Adel"]
[Result "1-0"]
[WhiteElo "1949"]
[BlackElo "1899"]
[PlyCount "113"]
[EventDate "2016.04.20"]

1. e4 e5 2. Nf3 Nf6 3. d4 Nxe4 4. Bd3 d5 5. Nxe5 Nd7 6. Bf4 Qh4 7. Qf3 Ndf6 8.
O-O Be7 9. Nc3 Nxc3 10. bxc3 O-O 11. c4 c6 12. Qe3 Nh5 13. Bg3 Nxg3 14. hxg3
Qf6 15. c5 Bd8 16. c4 Bc7 17. cxd5 cxd5 18. Rfe1 Qd8 19. Qf3 g6 20. Bc2 Kg7 21.
Rac1 Be6 22. Qe3 Bxe5 23. Qxe5+ Qf6 24. Rb1 Rab8 25. Qxf6+ Kxf6 26. Re3 Bd7 27.
Bb3 Be6 28. Ba4 Rfc8 29. Reb3 Rc7 30. Bb5 Rd8 31. f4 h5 32. Be2 Bc8 33. Bf3 Rc6
34. R1b2 Ra6 35. Kf2 Ra4 36. Rb4 Ra3 37. Rc2 Ra6 38. Be2 Rc6 39. Bb5 Rc7 40.
Bd3 Rh8 41. Ra4 a6 42. Rb4 Bd7 43. Be2 Bc6 44. Bd1 h4 45. gxh4 Rxh4 46. Kg3 Rh1
47. Rd2 Kg7 48. Be2 Kf6 49. Bd3 g5 50. Rf2 gxf4+ 51. Rxf4+ Ke7 52. Rb2 Re1 53.
Kf2 Rd1 54. Be2 Rh1 55. Bf3 Kf8 56. g4 Re7 57. Bxh1 1-0

[Event "Russian Championship B15 1st league 2016"]
[Site "Loo"]
[Date "2016.04.28"]
[Round "9.7"]
[White "Adyrbaev, Albert"]
[Black "Koliev, Irlan"]
[Result "1-0"]
[WhiteElo "2022"]
[BlackElo "1737"]
[PlyCount "51"]
[EventDate "2016.04.20"]

1. c4 c5 2. Nf3 e6 3. g3 Nc6 4. Bg2 g6 5. d4 cxd4 6. Nxd4 Bg7 7. Nb5 Nge7 8.
Nd6+ Kf8 9. O-O b6 10. Na3 a6 11. Rb1 Rb8 12. b4 Qc7 13. c5 bxc5 14. bxc5 Rxb1
15. Nxb1 Bb7 16. Ba3 Nf5 17. Nxf5 gxf5 18. Qd2 Ke7 19. Nc3 h5 20. Na4 h4 21.
Qd6+ Qxd6 22. cxd6+ Kd8 23. Rb1 Kc8 24. Nb6+ Kb8 25. Nxd7+ Ka8 26. Nc5 1-0

[Event "Russian Championship B15 1st league 2016"]
[Site "Loo"]
[Date "2016.04.28"]
[Round "9.8"]
[White "Kumargaliev, Marsel"]
[Black "Gagarin, Vasily"]
[Result "0-1"]
[WhiteElo "1838"]
[BlackElo "1831"]
[PlyCount "98"]
[EventDate "2016.04.20"]

1. e4 e6 2. d3 c5 3. g3 Nc6 4. Bg2 g6 5. Nc3 Bg7 6. f4 d6 7. Nf3 Nge7 8. O-O
O-O 9. Bd2 Rb8 10. Rb1 b5 11. a3 b4 12. axb4 cxb4 13. Ne2 Ba6 14. Be3 d5 15. e5
Nf5 16. Bc5 Re8 17. g4 Nfe7 18. Ra1 Bb5 19. Kh1 a5 20. Ned4 Nxd4 21. Nxd4 Bd7
22. Qf3 Rc8 23. Bd6 Nc6 24. Nxc6 Rxc6 25. Qf2 Qc8 26. Rfc1 Rxd6 27. exd6 Bxb2
28. Re1 Bxa1 29. Rxa1 Qc3 30. Rf1 d4 31. h4 Rc8 32. h5 Bc6 33. h6 Qc5 34. d7
Bxd7 35. Qh4 Qf8 36. f5 Qd8 37. g5 Bc6 38. Bxc6 Rxc6 39. fxg6 fxg6 40. Qf4 Rc7
41. Kg1 Rd7 42. Qe5 Qe7 43. Rf4 Rd5 44. Rf8+ Kxf8 45. Qh8+ Kf7 46. Qxh7+ Ke8
47. Qxg6+ Qf7 48. h7 Qxg6 49. h8=Q+ Kf7 0-1

[Event "Russian Championship B15 1st league 2016"]
[Site "Loo"]
[Date "2016.04.28"]
[Round "9.9"]
[White "Poliakov, Artem"]
[Black "Bratchikov, Vladislav"]
[Result "1-0"]
[WhiteElo "2168"]
[BlackElo "1815"]
[PlyCount "97"]
[EventDate "2016.04.20"]

1. e4 c6 2. Nc3 d5 3. Qe2 e6 4. f4 Nf6 5. e5 Nfd7 6. d4 a6 7. a4 c5 8. Nf3 Nc6
9. Be3 Qb6 10. Qd2 cxd4 11. Nxd4 Bc5 12. O-O-O Nxd4 13. Bxd4 Qc6 14. Be2 b5 15.
Bxc5 Nxc5 16. axb5 axb5 17. b4 Nd7 18. Bxb5 Qc7 19. f5 Ba6 20. Nxd5 exd5 21.
Qxd5 O-O 22. Bxd7 Be2 23. Kb2 Bc4 24. Qc5 Ra2+ 25. Kc3 Qb8 26. Qxc4 Qxe5+ 27.
Qd4 Qe2 28. Rd2 Qa6 29. Rb1 Ra8 30. Rb3 h6 31. b5 Qa5+ 32. Qb4 Qc7+ 33. Bc6
R8a4 34. Qc5 Qxh2 35. Bf3 Qh4 36. b6 Qe1 37. b7 Rxc2+ 38. Kxc2 Ra2+ 39. Rb2
Rxb2+ 40. Kxb2 Qxd2+ 41. Kb3 Qd3+ 42. Kb4 Qb1+ 43. Ka5 Kh7 44. Qb5 Qa1+ 45. Kb6
Qd4+ 46. Qc5 Qd8+ 47. Ka7 Qd7 48. Bc6 Qc7 49. Ka8 1-0

[Event "Russian Championship B15 1st league 2016"]
[Site "Loo"]
[Date "2016.04.28"]
[Round "9.10"]
[White "Asatryan, Gor"]
[Black "Odegov, Artem"]
[Result "0-1"]
[WhiteElo "1853"]
[BlackElo "2063"]
[PlyCount "104"]
[EventDate "2016.04.20"]

1. e4 c5 2. c3 Nf6 3. e5 Nd5 4. d4 cxd4 5. cxd4 Nc6 6. Nf3 d6 7. Bc4 Nb6 8. Bb5
dxe5 9. Nxe5 Bd7 10. Nxd7 Qxd7 11. Nc3 e6 12. O-O Rd8 13. Be3 Be7 14. Qg4 O-O
15. Rfd1 g6 16. d5 Nxd5 17. Nxd5 exd5 18. Qxd7 Rxd7 19. Bxa7 Bf6 20. Bxc6 bxc6
21. Bd4 Bxd4 22. Rxd4 c5 23. Rd2 d4 24. Rc1 Re8 25. f3 Re5 26. Kf2 Kf8 27. b3
Ke7 28. Re2 Rxe2+ 29. Kxe2 Kd6 30. Re1 Ra7 31. Ra1 Kd5 32. Kd2 Ra3 33. Kc2 Ra6
34. Kd2 f5 35. Kd3 f4 36. Kd2 g5 37. h3 h5 38. Kd3 Re6 39. Kd2 Kc6 40. Rc1 Kd5
41. Rc4 Ra6 42. Rc2 Ra7 43. Kd3 Re7 44. Kd2 Rg7 45. Kd3 g4 46. hxg4 hxg4 47.
Rf2 gxf3 48. Rxf3 Rxg2 49. Rxf4 Rxa2 50. Rf5+ Kc6 51. b4 Ra3+ 52. Kd2 cxb4 0-1

[Event "Russian Championship B15 1st league 2016"]
[Site "Loo"]
[Date "2016.04.28"]
[Round "9.11"]
[White "Glukhov, Dmitriy"]
[Black "Marchenko, Nikolay"]
[Result "1-0"]
[WhiteElo "1824"]
[BlackElo "1995"]
[PlyCount "120"]
[EventDate "2016.04.20"]

1. d4 d6 2. Nf3 Bg4 3. c4 Bxf3 4. exf3 Nf6 5. Nc3 c6 6. g3 Nbd7 7. Bg2 e6 8.
O-O g6 9. d5 cxd5 10. cxd5 e5 11. f4 Bg7 12. fxe5 Nxe5 13. Qa4+ Qd7 14. Qxd7+
Kxd7 15. Bh3+ Kd8 16. Bf4 Ne8 17. Rfd1 f5 18. Nb5 Kd7 19. Rac1 Bf6 20. Bxe5
Bxe5 21. g4 a6 22. Nd4 Bxd4 23. Rxd4 Ng7 24. Rb4 Rab8 25. Kg2 b5 26. Rc6 a5 27.
Rb3 b4 28. Rf3 Rbc8 29. Ra6 Rhf8 30. Rxa5 Ra8 31. Rb5 Rab8 32. Rxb8 Rxb8 33.
gxf5 gxf5 34. Bxf5+ Nxf5 35. Rxf5 Ke7 36. Rh5 Kf6 37. Rxh7 Ke5 38. Rh5+ Kd4 39.
a3 b3 40. Rh3 Kxd5 41. Rc3 Ke4 42. f3+ Kf4 43. Rc4+ Ke3 44. Rb4 Rg8+ 45. Kf1
Kxf3 46. Rxb3+ Ke4 47. a4 d5 48. a5 d4 49. a6 Ra8 50. Ra3 d3 51. a7 Ke3 52. b4
Rf8+ 53. Kg2 Rg8+ 54. Kh3 Ra8 55. b5 Ke4 56. b6 d2 57. Ra1 Kf3 58. Kh4 Kf4 59.
Rf1+ Ke3 60. b7 Rh8+ 1-0

[Event "Russian Championship B15 1st league 2016"]
[Site "Loo"]
[Date "2016.04.28"]
[Round "9.12"]
[White "Shengeliya, Mikhail"]
[Black "Sanarov, Leonid"]
[Result "1/2-1/2"]
[WhiteElo "1910"]
[BlackElo "1849"]
[PlyCount "83"]
[EventDate "2016.04.20"]

1. e4 c6 2. d4 d5 3. e5 Bf5 4. Nc3 e6 5. g4 Bg6 6. Nge2 f6 7. h4 Nd7 8. h5 Bf7
9. f4 c5 10. Be3 cxd4 11. Bxd4 fxe5 12. Bxe5 Nxe5 13. fxe5 Ne7 14. Nd4 Nc6 15.
Bb5 Qc7 16. Qe2 Bb4 17. Rh3 a6 18. Bxc6+ bxc6 19. O-O-O c5 20. Nb3 c4 21. Nd4
Rb8 22. g5 Bc5 23. Qg4 Bxd4 24. Qxd4 Qe7 25. Qg4 g6 26. Qf4 O-O 27. Qf6 Qd7 28.
Rf1 gxh5 29. Rhf3 Bg6 30. Qxf8+ Rxf8 31. Rxf8+ Kg7 32. Ra8 Qe7 33. Rf6 Qb7 34.
Rff8 Qe7 35. Rf6 Qb7 36. Rd8 Qb6 37. Rd7+ Kg8 38. Nd1 Qg1 39. Rd8+ Kg7 40. Rd7+
Kg8 41. Rd8+ Kg7 42. Rd7+ 1/2-1/2

[Event "Russian Championship B15 1st league 2016"]
[Site "Loo"]
[Date "2016.04.28"]
[Round "9.13"]
[White "Novikov, Aleksey"]
[Black "Suvorov, Aleksandr"]
[Result "1-0"]
[WhiteElo "1823"]
[BlackElo "1907"]
[PlyCount "81"]
[EventDate "2016.04.20"]

1. e4 c5 2. Nf3 Nc6 3. d4 cxd4 4. Nxd4 e6 5. Be3 Qc7 6. Be2 a6 7. O-O Nf6 8.
Nc3 Be7 9. Kh1 O-O 10. f4 d6 11. Qe1 Nxd4 12. Bxd4 b5 13. e5 Nd7 14. exd6 Bxd6
15. Bd3 g6 16. Qh4 Bc5 17. f5 Bxd4 18. fxg6 hxg6 19. Qxd4 Qc5 20. Qh4 Bb7 21.
Rad1 Rad8 22. Be4 Qc4 23. Rf4 e5 24. Bxg6 fxg6 25. Rxc4 bxc4 26. Qxc4+ Rf7 27.
Rf1 Rdf8 28. h3 Nb6 29. Qe6 Nd7 30. Rxf7 Rxf7 31. Qxg6+ Rg7 32. Qe6+ Kh7 33.
Nd5 Nf8 34. Qf5+ Kh6 35. Qxe5 Rg5 36. Qf6+ Ng6 37. Nf4 Be4 38. Kh2 Bb7 39. g4
Be4 40. c4 a5 41. Ne6 1-0

[Event "Russian Championship B15 1st league 2016"]
[Site "Loo"]
[Date "2016.04.28"]
[Round "9.14"]
[White "Gabdrakhmanov, Azat"]
[Black "Shaidullin, Ratmir"]
[Result "1-0"]
[WhiteElo "1904"]
[BlackElo "1647"]
[PlyCount "61"]
[EventDate "2016.04.20"]

1. e4 c6 2. d4 d5 3. e5 Bf5 4. Nf3 e6 5. Be2 c5 6. c3 Nc6 7. O-O Qb6 8. a3 cxd4
9. cxd4 Bxb1 10. Rxb1 Bxa3 11. Bd3 Bb4 12. Be3 Nge7 13. Ng5 h6 14. Qh5 g6 15.
Qh4 Nf5 16. Bxf5 exf5 17. Nxf7 Be7 18. Nd6+ Kd7 19. Qg3 Bxd6 20. exd6 g5 21.
Qf3 f4 22. Qxd5 fxe3 23. fxe3 Raf8 24. Rf7+ Rxf7 25. Qxf7+ Kc8 26. d5 Nb4 27.
d7+ Kb8 28. Qe8+ Qd8 29. Qe5+ Ka8 30. Rc1 Nd3 31. Qxh8 1-0

[Event "Russian Championship B15 1st league 2016"]
[Site "Loo"]
[Date "2016.04.28"]
[Round "9.15"]
[White "Kiselev, Vladislav"]
[Black "Badalian, Daniel"]
[Result "0-1"]
[WhiteElo "1803"]
[BlackElo "1898"]
[PlyCount "98"]
[EventDate "2016.04.20"]

1. e4 e5 2. Nf3 Nc6 3. Bb5 a6 4. Ba4 Nf6 5. O-O Be7 6. Re1 b5 7. Bb3 d6 8. c3
O-O 9. h3 Bb7 10. d4 Re8 11. Nbd2 Bf8 12. d5 Nb8 13. Nf1 Nbd7 14. N3h2 Nc5 15.
Bc2 c6 16. b4 Ncd7 17. dxc6 Bxc6 18. Bg5 Qc7 19. Bxf6 Nxf6 20. Ng4 Nxg4 21.
hxg4 Rad8 22. Bb3 Qb7 23. Bd5 Bxd5 24. exd5 e4 25. Qd4 Rc8 26. Ng3 Rc4 27. Qd2
Re5 28. Rad1 Qc8 29. f4 e3 30. Rxe3 Rxe3 31. Qxe3 Rxc3 32. Rd3 Rc2 33. Nf5 Rxa2
34. Qe4 g6 35. Ne3 Bg7 36. f5 Be5 37. fxg6 hxg6 38. Rd1 Qd8 39. Nf1 Qf6 40. Kh1
Rf2 41. Qd3 Qf4 42. Kg1 Rb2 43. Rd2 Rxd2 44. Nxd2 Bd4+ 45. Kh1 Qh6+ 46. Qh3
Qxd2 47. Qh4 Qd1+ 48. Kh2 Be5+ 49. Kh3 Qh1# 0-1

[Event "Russian Championship B15 1st league 2016"]
[Site "Loo"]
[Date "2016.04.28"]
[Round "9.16"]
[White "Korobov, Ivan"]
[Black "Yashmetov, Nikolay"]
[Result "0-1"]
[WhiteElo "1767"]
[BlackElo "1896"]
[PlyCount "102"]
[EventDate "2016.04.20"]

1. e4 c5 2. d4 cxd4 3. c3 dxc3 4. Nxc3 e6 5. Nf3 Ne7 6. Bf4 Ng6 7. Bg3 a6 8.
Bc4 Be7 9. O-O O-O 10. a4 Nc6 11. Qe2 Qa5 12. Rfd1 Bf6 13. Bd6 Re8 14. Nb5 axb5
15. axb5 Qxa1 16. Rxa1 Rxa1+ 17. Ne1 Nd4 18. Qd2 Nh4 19. Kf1 Nhf3 20. gxf3 Nxf3
21. Qf4 Rxe1+ 22. Kg2 Nh4+ 23. Kh3 Ng6 24. Qf3 Be5 25. Bxe5 Nxe5 26. Qc3 Rxe4
27. b3 Nxc4 28. bxc4 d5 29. c5 Rc4 30. Qa3 f5 31. f3 g5 32. Qe3 g4+ 33. Kg2
gxf3+ 34. Kxf3 Rg4 35. h3 Rg6 36. Qe5 Kf7 37. Kf4 Rg1 38. Qc7+ Kf6 39. Qe5+ Kg6
40. Qd6 Rf1+ 41. Ke3 Kf6 42. Kd4 Rd1+ 43. Ke3 Rg8 44. h4 Rb1 45. b6 Rb3+ 46.
Kf2 Rh3 47. Qf4 Rg4 48. Qc7 Ra4 49. Qxc8 Ke5 50. c6 Ra2+ 51. Kg1 Rb3 0-1

[Event "Russian Championship B15 1st league 2016"]
[Site "Loo"]
[Date "2016.04.28"]
[Round "9.17"]
[White "Zavialov, Nikita A"]
[Black "Sheletun, Yakov"]
[Result "1-0"]
[WhiteElo "1883"]
[BlackElo "1790"]
[PlyCount "73"]
[EventDate "2016.04.20"]

1. e4 e6 2. d4 d5 3. exd5 exd5 4. Bd3 Bd6 5. Ne2 Nc6 6. c3 Nf6 7. Bf4 O-O 8.
O-O Bxf4 9. Nxf4 Qd6 10. Nh5 Ne7 11. Re1 Ng6 12. Nd2 Nf4 13. Nxf4 Qxf4 14. h3
Be6 15. Nf3 Ne4 16. Qc1 Qxc1 17. Raxc1 Nd6 18. Ng5 Bd7 19. Re7 Rad8 20. Bxh7+
Kh8 21. Bd3 f6 22. Ne6 Bxe6 23. Rxe6 Rfe8 24. Rce1 Rxe6 25. Rxe6 Re8 26. Rxe8+
Nxe8 27. f4 b6 28. Kf2 Nd6 29. g4 g5 30. Kg3 c5 31. fxg5 fxg5 32. h4 gxh4+ 33.
Kxh4 c4 34. Bf5 Nxf5+ 35. gxf5 Kg7 36. Kg5 Kf7 37. f6 1-0

[Event "Russian Championship B15 1st league 2016"]
[Site "Loo"]
[Date "2016.04.28"]
[Round "9.18"]
[White "Petrovsky, Andrey"]
[Black "Tambovtsev, Daniil"]
[Result "0-1"]
[WhiteElo "1756"]
[BlackElo "1864"]
[PlyCount "108"]
[EventDate "2016.04.20"]

1. e4 e6 2. d4 d5 3. e5 c5 4. c3 Nc6 5. Nf3 Nge7 6. Bd3 cxd4 7. cxd4 Nf5 8.
Bxf5 exf5 9. Nc3 Be6 10. Ne2 h6 11. h4 Be7 12. Nf4 Qb6 13. g3 O-O-O 14. h5 Bb4+
15. Kf1 Kb8 16. Kg2 Rc8 17. a3 Be7 18. b4 a6 19. Qd3 Na7 20. Bd2 Rc4 21. Rhc1
Rhc8 22. Rxc4 Rxc4 23. Rc1 Nb5 24. Nxd5 Bxd5 25. Rxc4 Be4 26. Qe2 Nxa3 27. Rc1
Qb5 28. Qe3 Nc4 29. Qc3 Nxd2 30. Qxd2 Bg5 31. Qc3 Bxc1 32. Qxc1 Qxb4 33. Qd1
Qc4 34. Kh2 Qd3 35. Qxd3 Bxd3 36. Nd2 a5 37. Kg2 Be4+ 38. Kf1 Bd5 39. Ke2 Kc7
40. Kd3 Kc6 41. Nf1 b5 42. Ne3 Be6 43. f4 a4 44. Kc3 a3 45. d5+ Bxd5 46. Nxf5
Kc5 47. Nd6 b4+ 48. Kc2 b3+ 49. Kc3 b2 50. Kc2 Ba2 51. Ne4+ Kd4 52. Nc3 Bc4 53.
f5 Bd3+ 54. Kd2 Bxf5 0-1

[Event "Russian Championship B15 1st league 2016"]
[Site "Loo"]
[Date "2016.04.28"]
[Round "9.19"]
[White "Medvedev, Semen"]
[Black "Dzagov, Kambulat"]
[Result "1/2-1/2"]
[WhiteElo "1856"]
[BlackElo "1651"]
[PlyCount "99"]
[EventDate "2016.04.20"]

1. e4 e5 2. Nf3 Nc6 3. Bc4 Bc5 4. c3 Nf6 5. d3 d6 6. Bb3 Bg4 7. h3 Bh5 8. Nbd2
Qd7 9. Nf1 Bg6 10. Ng3 Nh5 11. Nxh5 Bxh5 12. O-O O-O-O 13. Be3 h6 14. Ba4 Bb6
15. b4 g5 16. Bb3 Rdg8 17. a4 g4 18. Nh2 Rg7 19. Nxg4 Bxg4 20. hxg4 Rxg4 21.
Bxb6 axb6 22. f3 Rg3 23. Rf2 h5 24. Kf1 h4 25. Ke2 h3 26. gxh3 Rhxh3 27. Qf1 f5
28. Bc4 fxe4 29. fxe4 Kb8 30. Kd2 Qg4 31. Kc2 Rf3 32. Rxf3 Rxf3 33. Qg1 Rg3 34.
Qd1 Rg2+ 35. Kb3 Qg3 36. a5 bxa5 37. b5 Na7 38. Rxa5 Qf2 39. Qb1 Qb6 40. Qa1 c6
41. Qa3 Nxb5 42. Bxb5 cxb5 43. Qb4 Rg1 44. Ka2 Qf2+ 45. Qb2 Qb6 46. Qxb5 Qf2+
47. Qb2 Qf3 48. Qb5 Qf7+ 49. Qd5 Rg2+ 50. Kb3 1/2-1/2

[Event "Russian Championship B15 1st league 2016"]
[Site "Loo"]
[Date "2016.04.28"]
[Round "9.20"]
[White "Mukhutdinov, Tigran"]
[Black "Martyntsev, Roman"]
[Result "1-0"]
[WhiteElo "2059"]
[BlackElo "1768"]
[PlyCount "85"]
[EventDate "2016.04.20"]

1. e4 c5 2. Nf3 Nc6 3. d4 cxd4 4. Nxd4 Nf6 5. Nc3 e5 6. Ndb5 d6 7. Bg5 a6 8.
Na3 b5 9. Nd5 Be7 10. Bxf6 Bxf6 11. c3 Bg5 12. Nc2 O-O 13. h4 Bh6 14. g3 Be6
15. Bg2 Ra7 16. O-O g6 17. a4 bxa4 18. Rxa4 f5 19. Ncb4 Nxb4 20. Nxb4 Qb6 21.
exf5 gxf5 22. Bd5 Bxd5 23. Qxd5+ Kh8 24. Rfa1 Be3 25. Qf3 Bc5 26. Nd3 e4 27.
Rxe4 Qc6 28. Rf4 Qc8 29. Qd5 Re7 30. b4 Ba7 31. c4 Re2 32. Re1 Rxe1+ 33. Nxe1
Qd7 34. Nf3 Rf7 35. h5 h6 36. Nh4 Kh7 37. Nxf5 Bb8 38. g4 Bc7 39. Re4 Bb6 40.
Re6 Qa4 41. Rxh6+ Kg8 42. Qa8+ Rf8 43. Rh8+ 1-0